000 00454nam a22001577a 4500
999 _c4478
_d4478
003 GBCCL
005 20241126110519.0
008 180122b xxu||||| |||| 00| 0 eng d
040 _cgbc
082 _a226.6007
_bSTU
245 _aA study guide to Acts /
_cEdited by Robert J. Dean
260 _bSouthern Baptist Convention,
_aNashville:
_c1972
300 _a145 p.;
_bill.,
_c22 cm.
650 _aBible
_vNew Testament
_vActs
_xStudy
_98125
942 _2ddc
_cBK
_01